000 00836nam a2200241Ia 4500
003 GCL
005 20240530105216.0
008 140319s9999 xx 000 0 ara d
040 _aGCL /
_cGCL
082 0 4 _a350.7246
_bم ق
100 1 _aمحمود محمد الحسينى
245 1 0 _aقواعد تقدير القيمة للاغراض الجمركية?( دراسة مقارنة لوعاء الضريبة الجمركية ) /
_cمحمود محمد الحسينى
260 _a[S.N] :
_bدار المريخ للنشر ،
_c1989
300 _a231 ص
650 0 4 _aالقانون
650 0 4 _aمصر
650 0 4 _aالجمارك
650 0 4 _aالرسوم الجمركية
650 0 4 _aالتخليص الجمركى
650 0 4 _aالاعفاءات الجمركية
700 1 _aفتحى سلامة
942 _2ddc
_cBK
999 _c53967
_d53967